| 000 | 01185cam a2200337 4500 | ||
|---|---|---|---|
| 001 | 27460 | ||
| 003 | BD-RjUL | ||
| 005 | 20211209051146.0 | ||
| 008 | 140325s1970 enkbe b 001 0 eng d | ||
| 020 | _a0710066147 | ||
| 035 | _a(BD-RjUL)27534 | ||
| 040 |
_aDLC _cDLC _dBD-RjUL _beng |
||
| 041 | 1 | _aengfre | |
| 082 | 0 | 0 |
_a961.02 _bJUH 1970 |
| 100 | 1 |
_aJulien, Charles André, _d1891- _984364 |
|
| 245 | 1 | 0 |
_aHistory of North Africa : _bTunisia, Algeria, Morocco, from the Arab Conquest to 1830 / _ctranslated [from the French] by John Petrie; edited by C. C. Stewart; edited and revised by R. Le Tourneau. |
| 260 |
_aLondon : _bRoutledge & K. Paul, _c1970. |
||
| 300 |
_axvi, 446 p. : _bill, maps, plans ; _c23 cm. |
||
| 350 | _a90/- | ||
| 500 | _aTranslation of Histoire de L'Afrique du Nord. | ||
| 504 | _aIncludes Bibliography: p. 359-421 and index. | ||
| 650 |
_aAfrica, North _984365 |
||
| 651 | 0 |
_aAfrica, North _xHistory. _984366 |
|
| 700 | 1 |
_aLe Tourneau, Roger, _eed. _984367 |
|
| 700 | 1 |
_aJohn Petrie _984368 |
|
| 700 | 1 |
_aStewart, C. C. _984369 |
|
| 700 | 1 |
_a R. Le Tourneau. _984370 |
|
| 942 |
_2ddc _cBK |
||
| 999 |
_c27460 _d27460 |
||